Paises que mas exportan jugadores de futbol a Europa - Estadísticas

Estadísticas generales
  • Esta prueba ha sido intentada 267 veces
  • La puntuación promedio es 6 de 8
Estadísticas de respuestas
Total de futbolistas en Europa País % Correcto
Con mas de 750 futbolistas Brasil
99%
Con mas de 260 futbolistas Argentina
97%
Con mas de 70 futbolistas Colombia
90%
Con mas de 70 futbolistas Uruguay
88%
Con mas de 140 futbolistas Senegal
68%
Con mas de 120 futbolistas Camerún
65%
Con mas de 240 futbolistas Nigeria
60%
Con mas de 170 futbolistas Ghana
47%
No se encontraron pruebas coincidentes
Distribución de puntuación
Porcentaje de gente con cada puntuación
Porcentaje por número respondido
Historial de tus puntuaciones
No has intentado esta prueba.